Dimension theory

Պահպանված է:
Մատենագիտական մանրամասներ
Հիմնական հեղինակներ: Hurewicz, Witold (Հեղինակ), Wallman, Henry (Հեղինակ)
Ձևաչափ: Գիրք
Լեզու:անգլերեն
Հրապարակվել է: Princeton Princeton University Press 1948
Շարք:Princeton Mathematical Series, 4
Խորագրեր:
Ցուցիչներ: Ավելացրեք ցուցիչ
Չկան պիտակներ, Եղեք առաջինը, ով նշում է այս գրառումը!

MARC

LEADER 00000nam a2200000 a 4500
001 UCW1221
003 CL-VaPUC
008 911213e19480000US |||||||||||||||||eng|d
082 0 4 |a 512.53  |b HUR  |2 21 
100 |a Hurewicz, Witold  |e author  |9 563886 
700 0 |a Wallman, Henry  |e author  |9 305128 
245 1 0 |a Dimension theory 
300 |a 165 p 
942 |c BK 
945 |d 19911213 00:00:00 
260 |a Princeton  |b Princeton University Press  |c 1948 
650 7 |a TEORIA DE LA DIMENSION ALGEBRA  |2 CL-VaPUC  |9 270617 
583 |a last modification  |c 20120529 12:12:37  |k Rodrigo Vera 
490 0 |a Princeton Mathematical Series, 4 
999 |c 216140  |d 216138 
952 |0 0  |1 0  |4 0  |6 512_530000000000000_HUR_1948  |7 0  |8 A  |9 201623  |a BIBMAT  |b BIBMAT  |d 2019-11-14  |i 2688824  |o 512.53 HUR 1948  |p 2688824  |r 2025-01-07  |w 2019-11-14  |y BK  |k MAT